banner-ar

جرائم بطاقة الائتمان: دراسة معرفية تحليلية مكوناتها واساليب تذييفها وطرق التعرف عليها / (Record no. 45058)

MARC details
000 -الفاتح
حقل البيانات ثابتة الطول 00834nam a2200229Ia 4500
008 - عناصر البيانات ثابتة الطول - معلومات عامة
حقل البيانات ثابتة الطول 140319s9999 xx 000 0 ara d
040 ## - مصدر الفهرسة
وكالة الفهرسة الأصلية GCL /
وكالة النسخ GCL
082 04 - رقم تصنيف ديوى العشرى
رقم التصنيف 332.76
رقم المادة ر ج
100 1# - المدخل الرئيسى - إسم شخصى
الإسم الشخصى رياضى فتح الله بصلة
245 10 - بيان العنوان
العنوان جرائم بطاقة الائتمان: دراسة معرفية تحليلية مكوناتها واساليب تذييفها وطرق التعرف عليها /
بيان المسئوليه,etc رياضى فتح الله بصلة
700 1# - المدخل الاضافى - اسم شخصى
الإسم الشخصى فخرى محمد صالح عثمان
300 ## - الوصف المادى
التعداد 166 ص
490 ## - بيان السلسلة
عنوان السلسلة 100 قصة
رقم المجلد/ التعيين التسلسلي 0
650 04 - المدخل الاضافى بالموضوع-مصطلح موضوعى
مصطلح موضوعي الجريمة والمجرمون
650 04 - المدخل الاضافى بالموضوع-مصطلح موضوعى
مصطلح موضوعي جرائم التزوير
650 04 - المدخل الاضافى بالموضوع-مصطلح موضوعى
مصطلح موضوعي التزوير
650 04 - المدخل الاضافى بالموضوع-مصطلح موضوعى
مصطلح موضوعي الائتمان
650 04 - المدخل الاضافى بالموضوع-مصطلح موضوعى
مصطلح موضوعي البطاقات الممغنطة
650 04 - المدخل الاضافى بالموضوع-مصطلح موضوعى
مصطلح موضوعي التزويد ( مكتبات )
942 ## - عناصر المدخل الإضافي( كوها)
مصدر التصنيف او مخطط الترفيف Dewey Decimal Classification
Koha [default] item type كتاب
Holdings
حالة التراجع حالة الفقد حالة تلف ليس للاعارة المكان المؤقت الموقع الحالى تاريخ الاكتساب اجمالي اﻻعارات رقم الطلب الباركود تاريخ اخر مشاهدة تاريخ تفعيل السعر نوع وعاء كوها
        مكتبة القاهرة الكبرى مكتبة القاهرة الكبرى 03/26/2014   332.76\ر ج 110002 03/26/2014 03/26/2014 كتاب

Powered By

EGPV